|
|
|
|
| LEADER |
00000cam a2200000 7i4500 |
| 001 |
0000029167 |
| 005 |
20100323.0 |
| 008 |
100323 |
| 020 |
|
|
|a 9675226373
|
| 090 |
0 |
0 |
|a 658.872
|b AZA
|
| 100 |
0 |
|
|a Azahar Abdul Rahman
|
| 245 |
1 |
0 |
|a Bisnes internet :
|b bina. upload. urus
|c Azahar Abdul Rahman, Amirol Zolkifli
|
| 260 |
|
|
|a Kuala Lumpur :
|b PTS Professional ,
|c 2009
|
| 650 |
|
0 |
|a Electronic commerce
|
| 650 |
|
0 |
|a Internet marketing
|
| 999 |
|
|
|a 0001066977
|b Book
|c Adult Collection
|e Cawangan Bukit Gambir
|
| 999 |
|
|
|a 0001067217
|b Book
|c Adult Collection
|e Perbadanan Perpustakaan Awam Johor
|
| 999 |
|
|
|a 0001067514
|b Book
|c Adult Collection
|e Cawangan Muar
|
| 999 |
|
|
|a 0001067690
|b Book
|c Adult Collection
|e Cawangan Segamat
|
| 999 |
|
|
|a 0001067786
|b Book
|c Adult Collection
|e Cawangan Tangkak
|
| 999 |
|
|
|a 0001068040
|b Book
|c Adult Collection
|e Cawangan Mersing
|
| 999 |
|
|
|a 0001068564
|b Book
|c Adult Collection
|e Cawangan Kota Tinggi
|
| 999 |
|
|
|a 0001068748
|b Book
|c Adult Collection
|e Cawangan Bandar Penawar
|
| 999 |
|
|
|a 0001068836
|b Book
|c Adult Collection
|e Cawangan Tmn. Ungku Tun Aminah
|
| 999 |
|
|
|a 0001068903
|b Book
|c Adult Collection
|e Perbadanan Perpustakaan Awam Johor
|
| 999 |
|
|
|a 0001262430
|b Book
|c Adult Collection
|e Cawangan AEON Kulaijaya
|